00526ntaaa2200169 45000030003000000050017000030080021000200400037000410820018000781000057000962450021001532500010001742600049001843000027002335000077002606500019003370120251027203002.00714s1973 ag 01  aAR-BaBNbspacAR-BaBNeaacrdRIC a996.8300 M35c aCommission of the Churches on International Affairs  aMarshall Islands a1 ed. aGeneva : bWorld Council of Churches, c1983 a45 p ; cmapas : 21 cm aReport of a WCC delegation to the Marshall Islands, 20 May - 4 June 1983 aIslas Marshall